00463nam a22001457a 450000500170000000800410001708200210005810000240007924501010010326000660020430000110027065000150028194200060029699900150030220240401025057.0240401b |||||||| |||| 00| 0 eng d 222a320.54bNAT. aIgnatieff, Michael. aNationalism and self-determination :bIs there an alternative to violence? /cMichael ignatieff. aSri Lanka :bInternational center for ethnic studies /c2000. a16 p., aPolitical. cL c5868d5868